000 00296nam a2200109Ia 4500
005 20251222154433.0
008 251222s9999||||xx |||||||||||||| ||spa||
082 _a868.44/F45
100 _a"Feijoo y Montenegro, Benito Jerónimo"
245 0 _aSelección del teatro critico universal
942 _cLIB
999 _c36507
_d36507